Let us learn numerology (Record no. 152909)
[ view plain ]
| 000 -LEADER | |
|---|---|
| fixed length control field | 00687nam a22001937a 4500 |
| 005 - DATE AND TIME OF LATEST TRANSACTION | |
| control field | 20181211155631.0 |
| 010 ## - LCCN (DPL NO) | |
| LC control number | B-226974, B-226967 |
| 020 ## - INTERNATIONAL STANDARD BOOK NUMBER | |
| International Standard Book Number | 8188322725 |
| Terms of availability | 150.00 |
| 035 ## - SYSTEM CONTROL NUMBER | |
| System control number | B-226974, B-226967,B-226968 |
| 037 ## - SOURCE OF ACQUISITION | |
| Source of stock number/acquisition | Ocean Books(P) Ltd. |
| 082 ## - DEWEY DECIMAL CLASSIFICATION NUMBER | |
| Classification number | 133.333 |
| 100 ## - MAIN ENTRY--PERSONAL NAME | |
| Personal name | Bhatnagar, Anita |
| 245 ## - TITLE STATEMENT | |
| Title | Let us learn numerology |
| Statement of responsibility, etc | Anita Bhatnagar |
| 260 ## - PUBLICATION, DISTRIBUTION, ETC. (IMPRINT) | |
| Place of publication, distribution, etc | New Delhi. |
| Name of publisher, distributor, etc | Ocean Books(P) Ltd. |
| Date of publication, distribution, etc | 2005 |
| 270 ## - ADDRESS | |
| Address | 4/19 Asaf Ali Road,New Delhi-110002,(India) |
| City | New Delhi |
| Postal code | 110002 |
| 300 ## - PHYSICAL DESCRIPTION | |
| Extent | 104p. |
| Dimensions | 22cm(hb) |
| 942 ## - ADDED ENTRY ELEMENTS (KOHA) | |
| Source of classification or shelving scheme | Dewey Decimal Classification |
| Item type | English Books |
| Classification part | 133.000 |
| Call number suffix | BHA |
| Withdrawn status | Lost status | Not for loan | Collection code | Home library | Current library | Date acquired | Full call number | Barcode | Koha item type | Source of acquisition | Cost, normal purchase price | Cost, replacement price |
|---|---|---|---|---|---|---|---|---|---|---|---|---|
| Non-fiction | Sarojini Nagar | Sarojini Nagar | 01/07/2018 | 133.000 BHA | B-226974 | English Books | ||||||
| Non-fiction | Sarojini Nagar | Sarojini Nagar | 27/05/2019 | 133.000 BHA | B-226956 | English Books | ||||||
| Non-fiction | Vigyan Vihar | Vigyan Vihar | 11/12/2018 | 133.000 BHA | B-226968 | English Books | BPPD/PUB | 150.00 | 150.00 | |||
| Non-fiction | Yojana Vihar | Yojana Vihar | 06/11/2018 | 133.000 BHA | B-226967 | English Books | BPPD/PUB | 150.00 | 150.00 |
